Grafías del imaginario: representaciones culturales en España y América siglos XVI-XVIII
Salvato in:
| Autori principali: | , |
|---|---|
| Natura: | Libro |
| Lingua: | spagnolo |
| Pubblicazione: |
Ciudad de México, México
Fondo de Cultura Económica
2003
|
| Serie: | Colección Historia
|
| Soggetti: | |
| Tags: |
Aggiungi Tag
Nessun Tag, puoi essere il primo ad aggiungerne!!
|
MARC
| LEADER | 00000cam a2200000 a 4500 | ||
|---|---|---|---|
| 001 | UCI6364 | ||
| 003 | CL-VaPUC | ||
| 005 | 20210617001420.0 | ||
| 008 | 080430e20030000MX |||||||||||||||||spa|d | ||
| 999 | |c 329883 |d 329881 | ||
| 020 | |a 9681669584 | ||
| 040 | |c Pontificia Universidad Católica de Valparaíso | ||
| 082 | 0 | 4 | |a 946 GON 2003 |2 21 |
| 100 | |a González Sánchez, Carlos Alberto |e author |9 588949 | ||
| 245 | 1 | 0 | |a Grafías del imaginario: |b representaciones culturales en España y América siglos XVI-XVIII |
| 260 | |a Ciudad de México, México |b Fondo de Cultura Económica |c 2003 | ||
| 300 | |a 641 páginas | ||
| 490 | 0 | |a Colección Historia | |
| 583 | |a last modification |c 20160901 10:38:18 |k Rodrigo Vera | ||
| 650 | 0 | |a Política y gobierno |z ESPAÑA |z AMERICA |9 255151 | |
| 650 | 7 | |a RELIGION Y ESTADO |2 CL-VaPUC |9 481532 |z ESPAÑA |z AMERICA | |
| 650 | 7 | |a HISTORIA DE ESPAÑA |2 CL-VaPUC |9 255127 |y SIGLOS 16-18 | |
| 700 | 0 | |a Vila Vilar, Enriqueta |e author |9 529227 | |
| 852 | |a BIBCUR | ||
| 942 | |c BK |2 ddc | ||
| 945 | |d 20080430 00:00:00 |a jtorresc | ||
| 952 | |0 0 |1 0 |2 ddc |4 0 |6 946_000000000000000_GON_2003 |7 0 |8 A |9 415043 |a BIBEDU |b BIBEDU |d 2019-11-22 |i 4435370 |o 946 GON 2003 |p 4435370 |r 2019-11-22 |t 3 |w 2019-11-22 |y BK |k LIT | ||
| 952 | |0 0 |1 0 |2 ddc |4 0 |6 946_000000000000000_GON_2003 |7 0 |8 A |9 415044 |a BIBHIS |b BIBHIS |d 2019-11-22 |i 4923944 |o 946 GON 2003 |p 4923944 |r 2025-01-20 |t 1 |w 2019-11-22 |y BK |k HIS | ||
| 952 | |0 0 |1 0 |2 ddc |3 erb |4 0 |6 946_000000000000000_GON_2003 |7 0 |8 A |9 415045 |a FDOHBE |b BIBHIS |e Huesbe Llanos, Marco Antonio, 1934- |i 5334403 |l 3 |m 1 |o 946 GON 2003 |p 5334403 |r 2024-01-30 |s 2020-05-11 |t 4 |w 2019-11-22 |y BK |z Catalogado en:20160623 |k HBE | ||
| 952 | |0 0 |1 0 |2 ddc |3 erb |4 0 |6 946_000000000000000_GON_2003 |7 0 |8 A |9 415046 |a BIBHIS |b BIBHIS |i 5436966 |l 1 |o 946 GON 2003 |p 5436966 |r 2025-03-31 |s 2025-03-24 |t 2 |w 2019-11-22 |y BK |z Catalogado en:20171117 |k HIS | ||